000 00418pab a2200169 454500
008 180718b2008 xxu||||| |||| 00| 0 eng d
100 _aBasantia, Tapan Kumar
245 _aManagement challenges of north-east education
260 _c2008
300 _ap.9-13.
362 _a23 Jun
650 _aEducation - India,North East
650 _aEducation
773 _aUniversity News
908 _aN
909 _a78747
999 _c78747
_d78747